Novela zákona o daniach z príjmov

Od 1.6.2003 je v platnosti ďalšia novela zákona o daniach z príjmov, ktorej cieľom je vyriešiť problematiku nedobytných pohľadávok s dosahom na základ dane.

Guardado en:
Detalles Bibliográficos
Autor principal: Petrovická, Iveta
Formato: Capítulo de libro
Lenguaje:eslovaco
Materias:
Etiquetas: Agregar Etiqueta
Sin Etiquetas, Sea el primero en etiquetar este registro!

MARC

LEADER 00000naa a2200000 4500
001 r049262
005 20230919121253.8
041 0 |a slo 
044 |a SK 
245 1 0 |a Novela zákona o daniach z príjmov  |c Iveta Petrovická 
520 |a Od 1.6.2003 je v platnosti ďalšia novela zákona o daniach z príjmov, ktorej cieľom je vyriešiť problematiku nedobytných pohľadávok s dosahom na základ dane. 
610 2 0 |a dane z príjmov 
610 2 0 |a pohľadávky 
610 2 0 |a novelizácia 
610 2 0 |a zákony 
610 2 0 |a Slovensko 
100 1 |a Petrovická, Iveta